00546nam a2200169 i 450000100060000000300090000600500170001500700030003200800410003510000390007624500900011526000570020530000320026270000180029485200320031285200320034470101ES-MaACL20231205195753.0t|040716s1944 sp ||||1| spa d1 aGarcía Nieto, José,d1914-200110aPoesía b: 1940-1943 / cJosé García Nieto ; retrato del autor por Rafael Pena. aMadrid : bGarcilaso, c[1944] (fGráficas Uguina) a196 p., 1 lám. ; c22 cm.1 aPena, Rafael. aES-MaACLjB-10072 bR.21500 aES-MaACLjF-15897 bR.20603